Artistes de A à Z - Statistiques

Statistiques générales
  • Ce quiz a été pris 243 fois
    242 depuis la dernière actualisation
  • Le résultat moyen est 19 sur 27
Statistiques - réponses
Lettre Artiste ou Groupe % Correct
A Ariana Grande/Adele/Arctic Monkeys/Aya Nakamura/Avril Lavigne/Alicia Keys/A$AP Rocky/ABBA/Ayra Starr/A$AP Ferg/Alain Souchon/Annie Cordy/Alain Bashung/Aretha Franklin/Amy Winehouse/Alain Barrière/Axelle Red/Arno/Aaliyah/Angèle/Akon/Alizée/Alice Cooper/Alanis Morissette/A$AP Mob/A-ha/Aaron Carter/ACDC/Ace of Base/Alonzo/Aerosmith/Afrojack/Afroman/Al Green/ABC/Alan Parsons Project/Alice Cooper/Alice in Chains/Annie Lennox/Aphex Twin/A Tribe Called Quest/A Tribe Called Red/Alesso/Avicii/Apink/Alessia Cara/Aespa/Alphaville/Akhenaton/Alpha Wann/Alkpote/Ateyaba/Ashe 22/Ademo/Arcade Fire/Alrima/Adam Levine/Adam Lambert/Alex Turner/Amel Bent/Amir/Amy Lee/Amy Macdonald/Anaïs Delva/Anastacia/André Manoukian/Andrea Bocelli/André Rieu/Andy Williams/Anggun/Anita Baker/Antonio Vivaldi/Armin van Buuren/Ashanti/Axel Bauer/Axl Rose/Ayọ/Addison Rae/Amerie/aupinard/Air/Ava Max/Adèle Castillon/Anitta/Amadou & Mariam/AURORA/Anderson .Paak/Artemas/Aventura/Anne-Marie/Alok/The Avener/Aliocha Schneider/Aminé/Alec Benjamin/Arcàngel/Alan Walker/Afida Turner/The Adventures Of Stevie V/Amaarae/Aloe Blacc/Alexandra Stan/Aqua/Anavitória/Alan Jackson/The Animals/AJ Tracey/Axwell/Anna/Azealia Banks/Armand Van Helden/Alice Deejay/Alex Gaudino/André 3000/Apashe/Agnes Obel/Anna Kendrick/AronChupa/AFI/Arca/AaRON/The Adolescents/Alabama/Apollo Brown/Anne Sylvestre/Arielle Dombasle/Amine/Alex Beaupain/Axel Marbeuf/Anisha Jo/A2H/Anuel AA/Arijit Singh/Alex Van Halen/Anthrax/The Alan Parsons Project/AMK/ABSOLEM/Alain Chamfort/Aurélie Konaté/Amanda Lear
97%
B Beyoncé/Billie Eilish/Bruno Mars/Britney Spears/BTS/Bigflo & Oli/Booba/Björk/B.B. King/Blondie/Blur/Bob Dylan/Bob Marley/The Beatles/Boy George/Blink‑182/Band of Horses/Bastille/Beabadoobee/Beach House/Bad Bunny/Bad Wolves/Bananarama/Backstreet Boys/Bebe Rexha/Big Sean/Bhad Bhabie/B.o.B/Black Sabbath/Black Eyes Peas/Black Crowes/Blackfield/Bakermat/Bee Gees/Bon Jovi/Boston/Buffalo Springfield/The Byrds/Bekar/Bramsito/Black M/Bénabar/BEN plg/Ben l'Oncle Soul/Bébé Lilly/Bertrand Cantat/Ben E. King/Bilal Hassani/Bernard Lavilliers/Ben Mazué/Barbra Streisand/Barry White/bbno$/BB Brunes/Beck/Black Milk/B.B. Jacques/Benjamin Biolay/Blueface/Beth Ditto/Beendo Z/Bouss/Betty Davis/Bill Haley/Bill Kaulitz/Bobby Shmurda/Busta Rhymes/Brulux/Billie Holiday/Billy Ray Cyrus/Billy Idol/Billy Joel/Billy Paul/Birdy/Blake Shelton/Bloc Party/Bob Sinclar/Boby Lapointe/Bonnie Tyler/Bono/Boris Vian/Bow Wow/Brandy/Brian May/Brian Jones/Brigitte Fontaine/Bruce Springsteen/Bruno Pelletier/Bryan Ferry/Buju Banton/Bon Entendeur/Boney M./Blackpink/Brent Faiyaz/Bill Withers/Burna Boy/The Beach Boys/Benson Boone/Becky G/Blood Orange/Bolemvn/Bradley Cooper/Bon Iver/Baby Keem/Bad Gyal/Babymonster/Becky Hill/The Black Keys/Bb trickz/Bennett/Buena Vista Social Club/Barbara Pravi/The Blaze/Booska-P/Bakar/Bronski Beat/Boynextdoor/Bazzi/Benny Benassi/Busy Signal/The Blessed Madonna/Benab/Boyz II Men/Benee/Benjamin Ingrosso/Babyboy AV/Brockhampton/Benash/Brvmsoo/Bomba Estéreo/Bryson Tiller/Brenda Lee/The B-52's/Benjamin Epps/Bosh/Bu$hi/Barbara/Brigitte Bardot
96%
C Coldplay/Céline Dion/Cardi B/Clara Luciani/Chance the Rapper/Christine and the Queens/Charles Aznavour/Caballero & JeanJass/Cage the Elephant/Calogero/Camélia Jordana/Camila Cabello/Carly Rae Jepsen/Carla Bruni/Caroline Polachek/Carrie Underwood/Cascada/Cassie/Cat Stevens/Catherine Ringer/Central Cee/Charles Trenet/Charli XCX/Charlotte Cardin/Charlotte Gainsbourg/Chase Atlantic/Cheb Khaled/Cheb Mami/Cheb Hasni/Chemical Brothers/Cher/Cher Lloyd/Chief Keef/Chilla/Childish Gambino/Chris Brown/Cigarettes After Sex/Cindy Lauper/City Girls/Claude François/Clean Bandit/Cœur de Pirate/Cole Swindell/Columbine/Conan Gray/Coolio/Corneille/Cris Cab/Crystal Castles/Culture Club/Current Joys/Cypress Hill/C2C/Cee Lo Green/Chamillionaire/Cheu-B/Cali/Cab Calloway/Calvin Russell/Camille Lou/Catherine Lara/Cecilia Bartoli/Celia Cruz/Cesária Évora/Chaka Khan/Charlie Parker/Charlie Puth/Charlie Winston/Cheb Bilal/Chayanne/Cheryl Cole/Chester Bennington/Chilly Gonzales/Chimène Badi/Chris Martin/Christina Aguilera/Christina Perri/Christoph Schneider/Christophe Maé/Christophe Willem/Christopher Cross/Chuck Berry/Ciara/Claude Barzotti/Claude Nougaro/Claudio Capéo/Cliff Burton/Conchita Wurst/Courtney Love/Craig David/Crazy Town/Chappell Roan/Calvin Harris/Clairo/CKay/The Cranberries/Creedence Clearwater Revival/The Cure/Cris Mj/Coi Leray/The Clash/The Cardigans/Chris Isaak/Chris Stapleton/Capital Cities/Colonel Reyel/The Chainsmokers/Carla Morrison/Casseurs Flowters/Cartel De Santa/Cynthia Erivo/Cleo Sol/Cedric Gervais/Camille Lellouche/CHIC/Crystal Waters/Cazzu/Coco Jones/Carlos Vives/Corona/Carpenters/Caravan Palace/Chily/Calle 13/CA7RIEL/Cuco/Cheb Rayan/Charlie Wilson/Curtis Mayfield/Claude/Crazy Frog/Cobra Starship/C418/Cream/Carbonne/Carlos/Cyril Cinélu/Christophe/Carin Leon/Calibre 50/Camilo/Cody Johnson/Creed/Cults/Christian Nodal/Chencho Corleone/Chase Atlantic/Chicago/Candice/Corynne Charby/Clara Charlotte
89%
D Drake/Dua Lipa/Daft Punk/Doja Cat/Damso/David Bowie/Dinos/DaBaby/Daddy Yankee/Daniel Balavoine/Daniel Caesar/Danny Brown/Dany Brillant/Dalida/David Guetta/David Hallyday/David Kushner/Dave/Dave/Deep Purple/Deftones/Dennis Lloyd/Denzel Curry/Desireless/Destiny’s Child/Diam’s/Dido/Dionne Warwick/Dionysos/Dire Straits/Disclosure/DJ Snake/DJ Khaled/DJ Mehdi/DJ Kayz/Dolly Parton/Don Diablo/Don Toliver/Dr. Dre/Duffy/Dusty Springfield/Damian Marley/Daniel Guichard/Daniel Lavoie/Daryl Hall/David Gilmour/Dean Martin/Debbie Harry/Depeche Mode/Diana Ross/Donna Summer/Dick Rivers/Dionne Warwick/DMX/Doc Gynéco/Duke Ellington/Desiigner/Denzel Curry/Da Uzi/Demi Portion/Diddi Trix/Dinor/Dry/Don Omar/Doechii/Denden/d4vd/Disiz/Dalí/Demi Lovato/Dadju/Djo/DYSTINCT/Dove Cameron/Dave Stewart/The Doors/Dj Leska/De La Soul/Danny Ocean/Dei V/Dadi/Dominic Fike/Damiano David/Darell/Dabeull/Duran Duran/Daya/Duki/Daecolm/Dasha/De La Ghetto/Dj Guuga/D-Block Europe/The Doobie Brothers/D2/Don Miguelo/Dexe243/Danakil/Dimitri Vegas/DJ Babs/Disciples/DNCE/Deorro/DJ Antoine/DJ Hamida/Duke Dumont/Danilo/Doums/DENNIS/Declan McKenna/Disturbed/Dilsinho/Dalex/Dynoro/The Do/Dosseh/Djadja & Dinaz/DTF/Dau/Daniel Lévi
89%
J Jul/Justin Bieber/Jay-Z/Jorja Smith/Johnny Hallyday/Juice WRLD/Jennifer Lopez/Jean-Michel Jarre/Jazzy Bazz/Jey Brownie/JNR/JSX/JR O Crom/Jwles/J. Cole/J.I.D/J-Kwon/Ja Rule/Jack Harlow/Jadakiss/Jaden Smith/Jae Millz/Jay Rock/Jeezy/Jeru the Damaja/Jim Jones/Joe Budden/Joey Bada$$/John Cena/John Forté/Juelz Santana/Juicy J/Jordy/Julien Clerc/Joseph Chedid/Jérémy Chatelain/Jean-Louis Aubert/Jérôme Attal/Jérémy Amelin/Jim Bauer/Jérémy Frérot/Joseph Duplantier/Julien Doré/Jean-Jacques Debout/Jacques Dutronc/Jean-Jacques Goldman/Jean-Baptiste Guégan/Josman/Jacques Higelin/Jah Prince/Jarod/Jean-Luc Lahaye/Jean-Pierre Mader/Jessy Matador/JoeyStarr/Jean-Louis Murat/John Williams/J Balvin/J-Ax/J-Hope/Jack White/Jack Black/The Jackson Five/Jacques Brel/Jacques Offenbach/Jain/Jake Owen/Jakob Dylan/James Arthur/James Blake/James Blunt/James Brown/James Morrison/James Taylor/James Shaffer/Jana Mashonee/Jane Birkin/Janelle Monáe/Janet Jackson/Janis Joplin/Jason Derulo/Jason Kay/Jason Mraz/Jay Sean/Jean Ferrat/Jean Villard/Jeanne Mas/Jeff Buckley/Jeff Beck/Jeff Mills/Jen Foster/Jena Lee/Jenifer/Jennifer Hudson/Jungkook/Jerry Lee Lewis/Jermaine Jackson/Jess Glynne/Jessica Simpson/Jessie J/Jill Scott/Jim Kerr/Jim Morrison/Jimi Hendrix/Jimmy Barnes/Jimmy Cliff/Jimmy Somerville/Joan Baez/Joan Jett/Joe Cocker/Joe Dassin/Joe Jonas/Jonas Brothers/Joe Perry/Joe Walsh/Joey Kramer/Joey Ramone/Jean-Sébastien Bach/Johannes Brahms/John Butler/John Coltrane/John Deacon/John Legend/John Lennon/John Taylor/Johnny Cash/Johnny Winter/JoJo Siwa/Jon Bon Jovi/Jonathan Davis/Joséphine Baker/Joy Division/Joyce Jonathan/Judas Priest/Judy Garland/Juanes/Julian Casablancas/Julie Pietri/Julie Zenatti/Juliette Gréco/Julio Iglesias/Rain/Yunho/Justin Timberlake/Jolagreen23/Jok'air/Jungle/Jamiroquai/JENNIE/Jack Uzi/Joji/J9ueve/Juliette Armanet/Jhené Aiko/Justice/Joé Dwèt Filé/Jeez Suave/JVKE/Jeremih/JHAYCO/Jungeli/Journey/Jax Jones/Jin/John Newman/Jaden Bojsen/Jeune Morty/Jack Johnson/Josas/JRK 19/JKSN/Jimin/Jazzy/Jonas Blue/James Hype/John Mayer/Juan Gabriel/Jessie Reyez/John Travolta/Julian Perretta/Julia Michaels/Jisoo/Jeanette/Jamie Foxx/Jacques/JT/Jet/JC Reyes/Jon Z/JOYCA/JAWNY/Jaani/JACKBOYS/Jimmy Buffett/JYEUHAIR/J Alvarez/The Jacksons/Jay Park/Jim Croce/JeanJass/Jamelia/JADE/Jon Batiste/Jack Ü/JAEHYUN/Junior H/Jeremy Zucker/Jelly Roll/Jimmy Eat World/JP Cooper/JP Saxe/Julien Granel/Joseph Kamel
84%
M Madonna/Michael Jackson/Mylène Farmer/Muse/Mariah Carey/Måneskin/Mac Miller/Mathieu Chedid/M. Pokora/M.I.A./Machine Gun Kelly/Mac DeMarco/Maceo Plex/Macklemore/Macy Gray/Madcon/Maes/Magic System/Mahmood/Major Lazer/Makassy/Maluma/Manau/Mano Negra/Manu Chao/Marc Anthony/Marc Lavoine/Maria Callas/Marie Laforêt/Marine/Maroon 5/Martha Reeves/Martin Garrix/Martin Solveig/Marvin Gaye/Mary J. Blige/Masayoshi Takanaka/Massive Attack/Maurane/Max Richter/Maxime Le Forestier/MC Solaar/McFly/Medine/Meek Mill/Megan Thee Stallion/Men I Trust/Metronomy/MGMT/Michael Bublé/Michael Kiwanuka/Michel Berger/Michel Delpech/Michel Fugain/Michel Jonasz/Michel Legrand/Michel Polnareff/Mick Jagger/Mickey 3D/Midnight Oil/Migos/Miguel/Mika/Mike Brant/Milli Vanilli/Mike Oldfield/Milky Chance/Miley Cyrus/Missy Elliott/Mitski/Moby/Modern Talking/Modjo/Morgan Wallen/Motörhead/Mr. Oizo/Mr. Probz/My Chemical Romance/Myke Towers/Mac Tyer/Menace Santana/MHD/Mister V/Mister You/Moha K/Moha La Squale/MMZ/Mick Jenkins/Method Man/Masta Killa/Mobb Deep/Max Boublil/Michaël Gregorio/Matt Houston/Marc Lavoine/Michael Jones/Mosimann/Mathieu Sempéré/Moussier Tombola/Marcel Mouloudji/Mareva Galanter/Marianne Faithfull/Marianne James/Marilyn Manson/Marilyn Monroe/Marina Kaye/Mark Knopfler/Maurice Chevalier/Meghan Trainor/Mel B/Metallica/Michael Bolton/Michel Sardou/Michèle Torr/Mike Posner/Miles Davis/Mireille Mathieu/Mumford and Sons/Mungo Jerry/Miki/MZ/Mark Ronson/Maureen/MOLIY/marguerite/MARINA/M83/Meryl/Melanie Martinez/Metro Boomin/Marwa Loud/Merveille/Mariana Froes/Morad/Montell Fish/Malachiii/Marshmello/Mattyeux/Maná/MC Menor JP/Mel C/Mallaury/Mentissa/Moji x Sboy/Mora/Mc Gw/MF Doom/MC YOSHI/Masego/MEDUZA/Milo j/Mc Livinho/Madison Beer/Monsieur Nov/The Magician/Mig/Myd/MØ/Mufasa/Mazzy Star/The Mamas & The Papas/Mariah the Scientist/The Mojos/Mikky Ekko/MXZI/Magdalena Bay/MNEK/Mario/Muni Long/MC Kevinho/Mötley Crüe/Meryl Streep/Malcolm Todd/Mau P/Mabel/MAGIC!/Majestic/mgk/Matt Simons/Mecano/MK/Mrs. Green Apple/Mon Laferte/Mother Mother/MC Cabelinho/MC Hariel/MC Ryan SP/MC Kevin o Chris/MC IG/The Marias/Ministère A.M.E.R./Maëlle
84%
L Lana Del Rey/Lady Gaga/Linkin Park/Louane/Lomepal/Lil Nas X/Luther Vandross/L7/L’Algérino/L'Impératrice/L.E.J/Lartiste/La Femme/La Fouine/La Grande Sophie/La Roux/La Zarra/Labrinth/Lacrim/Lady Saw/Lady Leshurr/Lala &ce/Lara Fabian/Larry/Las Ketchup/Laurent Garnier/Lauryn Hill/Lauv/Laylow/Léa Castel/Léa Paci/Lee Fields/Leela James/Lefa/Lee Moses/Lenny Kravitz/Leonard Cohen/Lewis Capaldi/Lio/Lil Baby/Lil Durk/Lil Jon/Lil Keed/Lil Peep/Lil Pump/Lil Tjay/Lil Uzi Vert/Lil Wayne/Lilly Wood & The Prick/Lisa/Lisa Stansfield/Lissandro/Little Big/Little Dragon/Little Mix/Little Simz/Lizzo/LMFAO/Loïc Nottet/London Grammar/Lorde/Lori Meyers/Lorie/Los del Río/Los Lobos/Lou Doillon/Louis Armstrong/Louis Bertignac/Louis Tomlinson/Louise Attaque/LP/Lucky Daye/Lucky Love/Ludacris/Luis Fonsi/Luis Miguel/Luke Combs/Luke Hemmings/Lumineers/Luna/Lorenzo/Luther/Lââm/La Toya Jackson/Laura Pausini/Lars Ulrich/Laurent Voulzy/Led Zeppelin/Léo Ferré/Leona Lewis/Leslie Feist/Liam Gallagher/Liam Payne/Liane Foly/Lily Allen/Linda Perry/Line Renaud/Lindsey Stirling/Lindsay Lohan/Lionel Richie/Lisa Marie Presley/Lisa Stansfield/Little Richard/LL Cool J/Loreen/Lou Reed/Luciano Pavarotti/Ludwig van Beethoven/Luis Mariano/Luke Bryan/Lulu Gainsbourg/Lykke Li/Lil Bibby/Lil Dicky/Lil' Flip/Lil' Kim/Lil Mama/Lil Mosey/Lil Reese/Lil Scrappy/Lil Skies/Lil Snupe/Lil Tecca/Lil Tjay/Lil Twist/Lil Xan/Lil Yachty/Lujipeka/Lucenzo/Lambert Wilson/Lisandro Cuxi/Louis Chedid/Luidji/L2B/Lola Young/LE SSERAFIM/Lossa/Leto/Laufey/Lenie/Leon Thomas/Latto/La Mano 1.9/ Limp Bizkit/Lynyrd Skynyrd/Lizzy McAlpine/La Hasba22/La Fève/Lukas Graham/LATIN MAFIA/Leon Bridges/Lynda/Lomiiel/Lous and The Yakuza/LUDMILLA/La Bouche/Les Enfoirés/Luchè/L7NNON/Les Rita Mitsouko/L'Allemand/Lupe Fiasco/Laura Branigan/Lewis OfMan/The Last Dinner Party/LSD/Lou/Lesley Gore/Leslie/Les Négresses Vertes/Les Chats Sauvages/Larusso/La Rvfleuze/La Traine/Landy/Laurent Wolf/Leys/Le Tigre/Lenny Tavárez/Lee Brice/Lyanno/LANY/Luan Santana/Lost Frequencies/Logic/La Adictiva/Loyle Carner/L5/Lunatic/Le Juiice/Le Rat Luciano/Luv Resval
83%
S Stromae/Sia/Soprano/Shakira/Sexion d’Assaut/Slipknot/Selena Gomez/SCH/SDM/System of a Down/So La Lune/Soso Maness/S.Pri Noir/Still Fresh/Stomy Bugsy/Sage the Gemini/Scarface/Schoolboy Q/Swizz Beatz/Swae Lee/Soulja Boy/Snoop Dogg/Status Quo/Sefyu/Sylvie Vartan/Slimane/Soan/Solal/Solann/Sopico/Squeezie/Sébastien Tellier/Sofiane/Sofiane Pamart/Serge Reggiani/Sadek/Saïk/Serge Lama/Sabrina Carpenter/Sade/Salvatore Adamo/Sam Cooke/Sam Smith/Samantha Fox/Sarah Harding/Scissor Sisters/Scorpions/Seal/Sean Paul/Selah Sue/Serge Gainsbourg/Sergueï Rachmaninov/Sex Pistols/Shaka Ponk/Shania Twain/Shawn Mendes/Sheila/Sheryfa Luna/Sheryl Crow/Shirley Bassey/Shurik'n/Shy'M/Sidney Bechet/Simon & Garfunkel/Sinead O'Connor/Skrillex/Slash/Slayer/Sly Stone/Smokey Robinson/Sofia Essaïdi/Solange/Sophie Ellis-Bextor/Spice Girls/Stephan Eicher/Stéphanie de Monaco/Steve Harris/Steve Perry/Stevie Nicks/Stevie Wonder/Stewart Copeland/Sting/Suga/Sugababes/Sum 41/Susan Boyle/Sunrise Avenue/Syd Barrett/Shay/Steve Lacy/Supertramp/SZA/Sly & The Family Stone/sombr/Shenseea/SARAH SEY/Saint Levant/Sexyy Red/Silent Addy/Swedish House Mafia/Shaggy/Sevdaliza/Summer Walker/Stryv/Shaydee's/Skillibeng/SEYSEY/SenSey'/Sech/Sfera Ebbasta/Siaka/Stupeflip/Sinik/The Strokes/Suzane/SANTA/Sayfalse/The Smiths/Skepta/Salif Keita/Santana/Sofiya Nzau/Sherine/Steve Edwards/$uicideboy$/Shreya Ghoshal/Scythermane/SEVENTEEN/Superbus/Sami Brielle/Suki Waterhouse/Stray Kids/Styleto/Steve Aoki/Stephen Sanchez/The Smashing Pumpkins/Sheu/Sean Kingston/Shubh/Silk Sonic/Santigold/Stormzy/Simply Red/Sam Martin/Sonder/Sofi Tukker/Soda Stereo/Sublime/Shouse/Sofia Carson/Soft Cell/Saweetie/Seeb/SAULT/Sophie and the Giants/Simple Plan/Seu Jorge/Stardust/Snow Strippers/SAINt JHN/SB19/Stereophonics/SNAP!/Sampha/The Stranglers/Sister Sledge/Sebastian Yatra/Syml/Survivor/Survivor/Surf Curse/Sufjan Stevens/Surfaces/Sid Sriram/Sin Bandera/Simone Mendes/Sidhu Moose Wala/Sigala/Soolking/Sofia Reyes/Social House/Sleepy Hallow/Sleeping At Last/Ski Mask The Slump God/Skillet/Sky Rompiendo/Shaboozey/Sheck Wes/Santa Fe Klan/Sam Feldt/Sam Hunt/Sasha Alex Sloan/Snow Patrol/Smash Mouth/The Script/The Supremes/Sneazzy/Saïan Supa Crew/Siboy
80%
E Eminem/Ed Sheeran/Elvis Presley/Étienne Daho/Evanescence/Earth, Wind & Fire/Eagles/Eartha Kitt/East 17/Eddy de Pretto/Eddy Mitchell/Edith Piaf/Editors/Eels/Eiffel 65/El Alfa/El Matador/El General/Elton John/Elza Soares/Emeli Sandé/Emma Peters/Empire of the Sun/Enigma/Ennio Morricone/Enrique Iglesias/Enrico Macias/Erasure/Eric Clapton/Erik Satie/Etta James/Europe/Eurythmics/Eva/Exo/Earl Sweatshirt/Eazy-E/Eve/Eddie Van Halen/Edward Maya/Elizabeth Fraser/Ella Fitzgerald/Elle Varner/Ellie Goulding/Élodie Frégé/Elsa Esnoult/Emilie Autumn/Émilie Simon/Emma Daumas/Emmanuel Moire/Enya/Eric Burdon/Eric Carmen/Éric Lapointe/Erykah Badu/Estelle/Emmanuel Tellier/Éric Morena/Eladio Carrion/Eric Church/Ella Henderson/El Fantasma/Élodie Costa/Emma Bunton/Electric Light Orchestra/ENHYPHEN/Edén Muñoz/Ebony/Elyanna/Elley Duhé/Eros Ramazzotti/Ella Mai/Emilia/Eric Prydz/Elvis Crespo/ElGrandeToto/Elams/El Malilla/Edward Sharpe and the Magnetic Zeros/Elle King/ERA/El Cherry Scom/Ezra Collective/El Bogueto/Elliott Smith/Elena Rose/Espinoza Paz/Eddie Santiago/Elefante/E-40/Eva Simons/Emma Stone/ERAY067/Ève Angeli
79%
K Kanye West/Kendrick Lamar/Kaaris/Kesha/Kavinsky/Kid Cudi/Kylie Minogue/Kacey Musgraves/Kadebostany/Kaleo/Kali Uchis/Kamelancien/Kamini/Kane Brown/Kano/Kanoé/Karol G/Kasabian/Kassav’/Kate Bush/Kate Nash/Katy B/Katy Perry/Kay One/Kaytranada/Kazy Lambist/KC & the Sunshine Band/Keane/Kehlani/Keith Urban/Kelis/Kelly Clarkson/Kelly Rowland/Kendji Girac/Kenya Grace/Keny Arkana/Keren Ann/Kerchak/Kery James/Kevin Abstract/Kevin Gates/Kevin Morby/Keziah Jones/Khalid/Kid Francescoli/Kid Ink/The Kid LAROI/Kimbra/Kim Petras/Kim Wilde/Kings of Leon/Kino/KISS/Kirk Franklin/Klingande/Koba LaD/Kodak Black/Kompromat/Kris Kross/Kristin Hersh/KRS-One/KT Tunstall/Kungs/Kurt Cobain/Kygo/Kyo/K-Maro/Kalash/Kalash Criminel/Karen Cheryl/Kat DeLuna/Kate Ryan/Katherine Jenkins/Katie White/Keen'V/Keith Richards/Keke Palmer/Keith Moon/Kelis/Kelly Chen/Kelly Jones/Kenny Chesney/Kenny Rogers/Kenza Farah/Kerry King/Kevin Jonas/Kevin Richardson/Kevin Rowland/Keyshia Cole/Kid Rock/Killerpilze/Klaus Meine/Kool Shen/Korn/Kraftwerk/Kris Allen/Kyle Eastwood/Kodes/K Camp/Kokane/Killah Priest/Killer Mike/Kali/KeBlack/KATSEYE/Kool & The Gang/Kore/Keinemusik/KISS OF LIFE/Krisy/Kekra/Kany/Kim/KLM/The Killers/Karmen/keshi/The Kooks/King Gnu/Kew/kulturr/Kiki Dee/Kenia Os/Kybba/Kumaar/Krono/Kaash Paige/Kyle Richh/Kyle Alessandro/Kansas/The Kinks/KAJ/K.Flay/Kanii/Key Glock/King Von/Khea/Kofs/Key Largo/Kids United
79%
N Ninho/Nirvana/Nicki Minaj/Niska/Naps/Norah Jones/Ne-Yo/Nâdiya/Nancy Sinatra/Nails/Nas/Natalie Cole/Natalie Imbruglia/Natalie La Rose/Natasha Bedingfield/Natty/Naza/Nayra/NCT/Népal/Nemo/Neneh Cherry/Netsky/Niall Horan/Nick Cave/Nick Jonas/Nickelback/Nico & Vinz/Nicole Croisille/Nicole Scherzinger/Nina Hagen/Nina Simone/Nine Inch Nails/Nino Ferrer/No Doubt/No Money Kids/Noah Cyrus/Noah Kahan/Nolwenn Leroy/Normani/NTM/Nuit Incolore/Nujabes/N.O.S/NeS/Nate Dogg/NBA YoungBoy/Nelly/Nick Cannon/The Notorious B.I.G./NLE Choppa/Nicola Sirkis/Nuttea/Nej/Niro/Nana Mouskouri/Nat King Cole/Natasha St-Pier/Neil Diamond/Neil Young/Nekfeu/Nelly Furtado/Nena/New Boyz/New Order/Nicoletta/Noel Gallagher/Noir Désir/NSYNC/Nicky Jam/Nav/NF/Natanael Cano/NewJeans/Natti Natasha/The Neighbourhood/Nono La Grinta/Naïka/Nile Rodgers/Nessa Barrett/Nemzzz/Naughty Boy/Natalia Lafourcade/Nemir/Ñengo Flow/Nate Ruess/Nateki/Nina Chuba/Nightcrawlers/No Limit/NEIKED
79%
R Rihanna/Radiohead/Renaud/Rosalía/Red Hot Chili Peppers/Roméo Elvis/Roddy Ricch/R. Kelly/R3HAB/Rachid Taha/Rage Against The Machine/Rag’n’Bone Man/Rain/Rammstein/Raphaël/Rauw Alejandro/Ray Charles/Ray J/Raye/Remi Wolf/Reneé Rapp/Rich Brian/Rich Homie Quan/Richard Ashcroft/Rick Astley/Rick Ross/Ricky Martin/Rico Nasty/Rilès/Ringo Starr/Rise Against/Rita Ora/Ritchie Valens/Robbie Williams/Robin Schulz/Robert Charlebois/Robert Glasper/Robin Thicke/Robyn/Rochelle Jordan/Roch Voisine/Rod Stewart/Rohff/Ronisia/Roy Orbison/Run-D.M.C./Run the Jewels/RZA/Rim'K/Roshi/Raekwon/Ryan Leslie/Russ/Rico Love/Richard Anthony/René la Taupe/Rico/Ridsa/Rounhaa/Raffaella Carrà/Ramones/Reba McEntire/Renan Luce/Richard Wagner/Richard Wright/Ricky Nelson/Rory Gallagher/Roxette/Romeo Santos/RM/Reik/Rels B/Rex Orange County/Red Velvet/Rema/Ryan Lewis/Ryan Castro/Rudimental/Ruth B/Rusherking/Russ Millions/Rich The Kid/Ricardo Arjona/Rod Wave/Rae Sremmurd/Raf Camora/Ray Dalton/Rvssian/Ravyn Lenae/RnBoi/The Rolling Stones/Rosé/R2/R.E.M./Rsko/RÜFÜS DU SOL/Romsii/Ryflo/Rampa/RK/ROLE MODEL/Ricchi E Poveri/Ruger/Riton/Royel Otis/Route 94/Regard/RAMONMIX/RADWIMPS/Rvfv/RJ Pasin/RaiNao/reezy/RY X/RUBII/The Ronettes/Robert Miles
79%
F Françoise Hardy/Foo Fighters/Fally Ipupa/Frank Ocean/French Montana/Future/FKA Twigs/Fababy/Fall Out Boy/Fanny J/Far East Movement/Fatboy Slim/Fat Joe/Fatoumata Diawara/Fauve≠/Feist/Fear Factory/Felix da Housecat/Fergie/Fetty Wap/Feu! Chatterton/Fifth Harmony/Finneas/First Aid Kit/Fleetwood Mac/Flo Milli/Flo Rida/Florence + The Machine/Florence Welch/Florida Georgia Line/Flume/Foreigner/Foster the People/Four Tops/Francis Cabrel/Frank Sinatra/Frank Turner/Frank Zappa/Frankie Goes to Hollywood/Frankie Valli/Franz Ferdinand/Free Nationals/French 79/Fréro Delavega/Fun./Future Islands/Funeral for a Friend/Fatman Scoop/Freddie Foxxx/Freeway/Francis Lalanne/Franglish/François Feldman/Féfé/Favé/Feldup/Florent Mothe/Francky Vincent/Faïrouz/Faith Hill/Faudel/Fela Kuti/Florent Pagny/Foxy Brown/France Gall/Frank Alamo/Franz Liszt/Franz Schubert/François Valéry/Freddie Mercury/Frédéric Chichin/Frédéric Chopin/Frédéric François/FloyyMenor/Feder/Fugees/Fatal Bazooka/Folie's/Fujii Kaze/Franc Fala/Feid/FISHER/FKJ/Fitz and The Tantrums/Freeze Corleone/Francesco Yates/Faith Evans/Farruko/Fireboy DML/Fred again../FIFTY FIFTY/Fabolous/Frou Frou/Frankie Ruiz/F.R. David/Francis Lai/Fools Garden/Fly Project/Fido/FMK/The Foundations/The Fratellis/Fernandinho/FLO/Flow G/Felix Jaehn/Ferrugem/Franco de Vita/Five Finger Death Punch/Fresh
78%
T Taylor Swift/Travis Scott/Theodora/Tina Turner/Tame Impala/Tyler, The Creator/Tiken Jah Fakoly/T-Pain/T.I./T-Rex/T-Sean/T-ara/Tamino/Tears for Fears/Téléphone/Tems/Tenacious D/The Temptations/The Ting Tings/Thomas Bangalter/Thomas Dutronc/Thom Yorke/Timbaland/Tina Arena/Tina Turner/Tinashe/Tino Rossi/Tiakola/Tiësto/TLC/Todrick Hall/Tokio Hotel/Tom Jones/Tom Odell/Tom Petty/Tommy Cash/Tommy Genesis/Tommy Guerrero/Tommy Lee Sparta/Tony Bennett/Tony Parker/Toploader/Tory Lanez/Toto/Tove Lo/Tracy Chapman/Tracy Bonham/Train/Travis/Trevor Daniel/Trey Songz/Trois Cafés Gourmands/Troye Sivan/Trippie Redd/Tryo/TV Girl/Twenty One Pilots/Twin Atlantic/Twin Shadow/Twisted Sister/Ty Dolla $ign/Tyga/Tyla/Tyrese/TK/Tsew The Kid/Takeoff/Tim Dog/Turbo B/Thierry Cham/Tom Frager/Tim Dup/Thierry Hazard/Tom Leeb/Thierry Pastor/Théo Sulpice/Talisco/Tayc/Tété/Taboo/Taeyong/Taeyeon/Taj Jackson/Take That/Tal/Taryll Jackson/Tatu/The Three Degrees/TJ Jackson/Tom Kaulitz/Toni Braxton/Teddy Swims/Tee Grizzley/Trevor Daniel/Trueno/Tyler Childers/Tulus/TINI/Tim McGraw/Tiara Andini/Tiago PZK/TOMORROW X TOGETHER/Tones And I/Topic/Tony Dize/Tate McRae/Tainy/Talking Heads/Tanishk Bagchi/Taio Cruz/THEODORT/TIF/TH/TKS 2G/Therapie Taxi/Trinix/Turnstile/TWICE/Taïro/Toby Fox/Timmy Trumpet/Tokischa/Tommy Richman/Thee Sacred Souls/Todiefor/Tito Double P/Thundercat/Two Door Cinema Club/TRIANGLE DES BERMUDES/The Adventures Of Stevie V/Teto/Tom Misch/TOOL/Toby Keith/Tuerie/Three 6 Mafia/Timal/Tunisiano
78%
G Gorillaz/Green Day/George Michael/Gims/Guns N’ Roses/Grimes/Giveon/G-Dragon/G-Eazy/Gazo/Gaël Faye/Gambi/Garou/Gaspard Augé/Genesis/George Benson/George Ezra/George Harrison/Gerald De Palmas/Gesaffelstein/Ghost/Gillian Welch/Giorgio Moroder/Girls Aloud/Girls' Generation/Glass Animals/Glenn Miller/Gloria Gaynor/Gnarls Barkley/Gnash/Gojira/GoldLink/Gotye/Grace Jones/Gramatik/Grand Corps Malade/Grand Funk Railroad/Grandmaster Flash/Grateful Dead/Greentea Peng/Gregory Isaacs/Greta Van Fleet/Gringe/Gucci Mane/Guerilla Poubelle/Guy2Bezbar/Gambino/Gambino La MG/GZA/Gunna/Georges Brassens/Georges Moustaki/Gérard Lenorman/Ghostface Killah/Gilbert Montagné/Gilberto Gil/Giuseppe Verdi/Gloria Estefan/Grégoire/Grégory Lemarchal/Guy Béart/Gwen Stefani/Gym Class Heroes/Gérard Blanc/Gary Fico/Genezio/Georgio/Gradur/Guizmo/Guy Marchand/Gaëtan Roussel/girl in red/Gipsy Kings/GloRilla/Gala/Gigi d'Agostino/Galantis/Gigi Perez/Goodboys/The Goo Goo Dolls/Good Neighbours/Green Montana/Gold/GLK/Grover Washington, Jr./Grey/The Game/GROUPLOVE/GAYLE/Gossip/Gato/Gaëlle/Garbage/Guaynaa/Glen Campbell/Gary Moore/Gusttavo Lima/Grupo Firme/George Strait/Gente De Zona/Gera MX/Grupo Frontera/Gracie Abrams/Ghostemane/Gabry Ponte/Geri Halliwell/GENER8ION/Gaulois
77%
P PNL/P!nk/Post Malone/Pharrell Williams/Pink Floyd/Prince/Paramore/Paloma FaithPanic! At The Disco/Pantera/Papa Roach/Parcels/Passenger/Passi/Pat Benatar/Patrick Bruel/Patrick Fiori/Patti LaBelle/Patti Smith/Paul Anka/Paul Kalkbrenner/Paul McCartney/Pearl Jam/Peggy Gou/Pet Shop Boys/Pete DohertyPeter Bjorn and John/Petit Biscuit/Pheelz/Phil Collins/Philippe Katerine/Phoenix/Phoebe Bridgers/Pink Martini/Pitbull/Pixies/PLK/Pomme/Pop Smoke/Portugal. The Man/Princess Nokia/The Prodigy/Psy/Public Enemy/Pusha T/The Pussycat Dolls/Playboi Carti/Polo G/Pierre Bachelet/Pierre Garnier/Philippe Lavil/Pep's/Pierre Perret/Pierpoljak/Prime/Pascal Obispo/Pascal Parisot/Patrick Sébastien/Patrick Vaillant/Pierre Vassiliu/Pierre Souchon/Paolo Conte/Patricia Kaas/Patsy Cline/Paul Gray/Paul Gray/Paul Stanley/Paula Abdul/Peggy Lee/Peter Andre/Peter Gabriel/P. Diddy/Petula Clark/Phil Anselmo/Pia Toscano/Placebo/Plácido Domingo/Plan B/Professor Green/Piotr Ilitch Tchaïkovski/Piotr Mamonov/PinkPantheress/Pulp/Polo & Pan/PERCEVAL/Peso Pluma/The Police/Pabllo Vittar/P.L.L/PZK/PAWSA/Purple Disco Machine/PNAU/princess paparazzi/Portishead/The Pointer Sisters/Phantogram/Parov Stelar/Prototype/Phil Jay/Pierce The Veil/Parson James/Phoebe Killdeer/Paulo Londra/Paco Amoroso/P-Square/Polaris/Pablo Chill-E/Pierre de Maere/Paris Paloma/Popcaan/Pino D'Angiò/Poppy/Peter Gabriel/Prospa/Pol Granch/Péricles/Pritam/Pentatonix/Pedro Capó/Pepe Aguilar/Pedro Sampaio/Prince Royce/Pink Sweat$/Piso 21/Polimá Westcoast/Powfu/Plain White T's/PartyNextDoor/Pablo Alboran/PnB Rock/Pit Baccardi
77%
I Imagine Dragons/IAM/Iggy Azalea/Ice Spice/Indochine/IAMDDB/Incubus/I Am Kloot/Iggy Pop/iKON/Il Divo/Ill Niño/Illenium/Imanbek/Imany/Imelda May/Immortal/Indila/Inna/Inner Circle/Interpol/INXS/Ion Ludwig/Iron Maiden/Irène Cara/Irma/Isaiah Rashad/Isabelle Boulay/Isabelle Adjani/Isao Tomita/Isobel Campbell/Ital Tek/ItaloBrothers/Itzy/IU/Ivy Queen/Izïa/Ice Cube/Ice-T/Immortal Technique/Isaiah Rashad/Inspectah Deck/Ian Anderson/Ian Brown/Ian Curtis/Ian McCulloch/Igor Stravinsky/Idir/Ike Turner/Imogen Heap/India Martínez/Isaac Hayes/Iyaz/i-dle/Icona Pop/ILLIT/IVE/Inoxtag/Iliona/ian/iDS/isq/Images/Ink/Ikky/Israel Kamakawiwoʻole/iNi Kamoze/iann dior/The Isley Brothers/Izzy Bizu/Ilayaraja/Imen Es/ISK/Iss/ISHA/Ikkimel/The Internet/imase/Ibrahim Maalouf/Ida Corr/Internet Money/Isabel LaRosa/Idina Menzel/Intocable/Ico
70%
H Harry Styles/Hoshi/Halsey/Hervé/Hamza/Hall and Oates/H.E.R./Ha*Ash/Haddaway/Hailey Knox/Hailee Steinfeld/Hardwell/Harry Belafonte/Hatik/Hayley Kiyoko/Hayley Williams/Headie One/Heart/Heuss l’Enfoiré/Hiatus Kaiyote/HIM/Hoobastank/House of Pain/Hozier/Hugues Aufray/Hurts/Hélène Ségara/Hüsker Dü/Hyphen Hyphen/Hyuna/Hypocrisy/H Magnum/Hayce Lemsi/Hippocampe Fou/Hornet La Frappe/Houari/Hugo TSR/Hot Rod/Hurricane Chris/Havoc/Houcine/Helmut Fritz/Hervé Domingue/Hervé Cristiani/Harry Diboula/Herbert Léonard/Hache-P/Hiro/HK/Helena/Hervé Paul/Henri Salvador/Henri Tachan/Hervé Vilard/Havana Brown/Hector Berlioz/Helena Noguerra/Helene Fischer/Henri Dès/Henry Rollins/Herbert Léonard/HOUDI/HLD/H JeuneCrack/HAIM/Hotel Ugly/HUGEL/Hatsune Miku/Hans Zimmer/HOYO-MiX/Holly Walker/Huntrill/Hillsong Worship/Hanumankind/Harris Jayaraj/HAYLA/HUMBE/Hev Abi/HMZ/Holy Priest/Hades66/Haze/Hombres G/Himra/Her's/The Human League/Hande Yener/The Hollies/Hillsong UNITED/Hippie Sabotage/h6itam/Hermanos Gutiérrez/Hypaton/Henrique & Juliano/Harrdy Sandhu
63%
O Oasis/Olivia Rodrigo/OneRepublic/Orelsan/Offset/Ozzy Osbourne/Odetta/Oboy/Ocean Alley/Ofenbach/Of Monsters and Men/Ogee/Orville Peck/Oscar and the Wolf/Otis Redding/Oumou Sangaré/OutKast/Owl City/Oxmo Puccino/Ozzy Osbourne/OZUNA/Omar Apollo/One Direction/Olivia Newton-John/Olivia Ruiz/Olly Alexander/Olly Murs/Ophélie Winter/Orchestral Manoeuvres in the Dark/O.T. Genasis/Ours/Olivia Dean/OMI/Oklou/Odetari/Omah Lay/Odezenne/Odeal/Oxlade/Obongjayar/Olamide/One-T/Øneheart/Oden & Fatzo/Ogryzek/The Offspring/O-Zone/Oliver Cheatham/ovg!/Omar Courtz/Omega/The Outfield/OHGEESY/Odetto/O Rappa/Odd Mob/Orion Sun
63%
Z Zaz/Zaho/Zed Yun Pavarotti/Zayn/Zola/Ziak/Zucchero/Zazie/Zaho de Sagazan/Zebra Katz/Zendaya/Zico/Ziggy Marley/Zifou/Zedd/Z-Ro/ZZ Top/Zaza Fournier/ZKR/Zamdane
62%
Q Queen/Qveen Herby/Quavo/Queens of the Stone Age/Q-Tip/Q Lazzarus/QNTAL/Quantic/Queen Naija/Queen Latifah/Quebonafide/Quimby/Quincy Jones/Quinn XCII/QuinzeQuinze/Quruli/Quelly Woo/Quentin Elias/Questlove/Quinn Allman/Quim Barreiros/Quevedo/Qendresa/Q.E Favelas/Quarterhead/Quadeca
56%
V Vald/Vanessa Paradis/Vianney/Vulfpeck/Vegedream/Vitaa/Vivian Green/V V Brown/Vampire Weekend/Van Halen/Van Hunt/Van Morrison/Vanessa Carlton/Vanessa Hudgens/VanJess/Vasco Rossi/Velvet Revolver/The Velvet Underground/Vendredi sur Mer/Véronique Sanson/Victoria Monét/Vince Staples/Visage/Vladimir Cauchemar/Voyou/Vanilla Ice/Vic Mensa/Vincent Heden/Vincent Niclo/Vacra/Vanupié/Vincha/Vanessa-Mae/Victoria Beckham/Village People/Véronic DiCaire/Véronique Jannot/Videoclub/Viagra Boys/Vitalic/Volbeat/Vernis Rouge/Vybz Kartel/Vaundy/Villano Antillano/Vika Jigulina/The Verve/Victony/Vengaboys/VEN1/Vanessa Da Mata/Vayn/The Vamps/Veronica Maggio/VIZE/Vintage Culture/Veridis Project/velours/Vicente Fernandez/Veigh/Vacations/VIRGOUN/Vance Joy
56%
U U2/Usher/Uffie/Ultra Vomit/UB40/Upchurch the Redneck/U-God/Uzi/Udo Lindenberg/Unheilig/Urs Bühler/US5/Uverworld/Uwe Kröger/Unicorn On Ketamine/Udeyfa/Upsilone/USKY/UISMA/UdieNnx/UMI/Ultra Naté/unfazed/The Underdog Project/Uzielito Mix/UGK/Unknown T/Ufo361/Ugly Andz./Ultravox
52%
Y Yseult/Young Thug/Yungblud/Yann Tiersen/Yelle/Yaeji/Yamê/Yandel/Yannick/Yannick Noah/Yard Act/Yazoo/Yeah Yeah Yeahs/Yeat/Years & Years/Yellowcard/YFN Lucci/YG/Yoko Ono/Yola/Yolanda Adams/Yolanda Be Cool/Youssou N’Dour/Youssoupha/Younès/Young Gunz/Young T & Bugsey/Young the Giant/YTCracker/Yxng Bane/Yodelice/Yes/Yaro/Yosoji/Young Chang Mc/Youv Dee/Yvnnis/YNW Melly/Yo Gotti/Yung Joc/Young Maylay/Yves Simon/Yanns/Ycare/Yves Pujol/Yves Jamait/Yves Duteil/Yoa/Yann Muller/Young Miko/Ya Levis/Ye/Yorssy/YL/Yeri Mua/Yebba/YG Marley/Yuzmv/Yuna/Young Cister/Yung Lean/YOASOBI/Yael Naim/Yan Block/Yandel/Young M.A/YoungBoy Never Broke Again/Young Dolph/Youssef Swatt's
52%
W The Weeknd/Whitney Houston/Warren G/Wiz Khalifa/Wejdene/Woodkid/Walk the Moon/Wallows/Werenoi/We Are Scientists/Weezer/Wes/White Lies/The White Stripes/Will.I.Am/William Sheller/Willie Nelson/Willow/Wilson Pickett/Wizkid/Womack & Womack/Wayne Jackson/Wham!/Will and the People/Will Smith/William Beckett/Wyclef Jean/Winnterzuko/White Dawg/Willy William/Wilfried N'Sondé/William Baldé/Wallace Cleaver/Worakls/WarEnd/WIXO & LA2S/Wamen/WizTheMc/Wu-Tang Clan/W&W/Wale/wifiskeleton/Whethan/Waka Flocka Flame/Wankelmut/Watermät/The Wanted/Wisin & Yandel/Wings/Wet Leg/Willie Colón/White Town/The Weather Girls/Wolfgang Amadeus Mozart/The Wombats/The Walters
48%
0-1-2-3-4-5-6-7-8-9 070 Shake/021kid/1PLIKÉ140/1nonly/1D1R/2Be3/2 Unlimited/2 Chainz/2 Pistols/2NE1/2hollis/2TH/2 Mètres/2zer/2CELLOS/2Pac/3T/3 Doors Down/3OH!3/4Keus/4 Non Blondes/5 Seconds of Summer/6ix9ine/6lack/7 Notas 7 Colores/8Ball & MJG/9DAYS/10cc/21 Savage/22Gz/23 Skidoo/30 Seconds to Mars/34murphy/40 Glocc/41/47ter/50 Cent/54 Ultra/63OG/63KLUF/77 degrès/88-Keys/98 Degrees/1995/24kGoldn/2NE1/1TYM/404Billy/3010/347aidan/01099/03 Greedo/113/13 Block/100 gecs/13 Organisé/1T1/The 1975/The 5.6.7.8's/666/999999999
46%
X XXXTentacion/Xzibit/X Ambassadors/Xmal Deutschland/X Japan/X-Ray Spex/Xiu Xiu/XTC/Xavier Rudd/Xosar/Xavier Naidoo/Xiah Junsu/Xavier Mérand
27%
Aucun quiz correspondant
Distribution des résultats
% des personnes avec chaque résultat
Percentile par nombre de réponses
Votre historique - résultats
Vous n’avez pas pris ce quiz depuis la dernière actualisation